[Event "GER-chT U12"]
[Site "Magdeburg"]
[Date "2023.12.29"]
[Round "5.4"]
[White "Schmitz, Constantin"]
[Black "Faerber, Anna"]
[Result "0-1"]
[WhiteElo "1544"]
[BlackElo "1345"]
[PlyCount "84"]
[EventDate "2023.12.26"]
[EventType "team-swiss"]
[EventRounds "7"]
[EventCountry "GER"]
[SourceTitle "CB03_2024"]
[SourceDate "2024.01.17"]
[SourceVersion "1"]
[SourceVersionDate "2024.01.17"]
[SourceQuality "1"]
[WhiteTeam "Duesseldorf SV"]
[BlackTeam "Walldorf"]
[WhiteTeamCountry "GER"]
[BlackTeamCountry "GER"]

1. d4 Nf6 2. c4 g6 3. Nf3 Bg7 4. Bf4 0-0 5. Nc3 d6 6. e4 Nbd7 7. Be2 Nh5 8. Bg5 h6 9. Bh4 Nf4 10. 0-0 c6 11. Rc1 Qe8 12. d5 Ne5 13. Bg3 Nxe2+ 14. Qxe2 Bg4 15. Bxe5 Bxe5 16. h3 Bxf3 17. Qxf3 Qd8 18. Qe3 Bg7 19. f4 Qb6 20. Qxb6 axb6 21. a3 f5 22. Rfe1 Rae8 23. e5 g5 24. g3 Kh7 25. Kh2 h5 26. Re2 h4 27. exd6 exd6 28. Rcc2 hxg3+ 29. Kxg3 gxf4+ 30. Kxf4 Be5+ 31. Kf3 Rg8 32. Rg2 Kh6 33. Rce2 Kh5 34. Na4 Kh4 35. Nxb6 Kxh3 36. Nd7 Rxg2 37. Rxg2 Bd4 38. Rg5 Re3+ 39. Kf4 Re7 40. Nf8 Be3+ 41. Kxf5 Re5+ 42. Kf6 Bxg5+ 0-1

[Event "GER-chT U12"]
[Site "Magdeburg"]
[Date "2023.12.28"]
[Round "4.4"]
[White "Berndt, Ronson"]
[Black "Faerber, Anna"]
[Result "1/2-1/2"]
[WhiteElo "1615"]
[BlackElo "1345"]
[PlyCount "67"]
[EventDate "2023.12.26"]
[EventType "team-swiss"]
[EventRounds "7"]
[EventCountry "GER"]
[SourceTitle "CB03_2024"]
[SourceDate "2024.01.17"]
[SourceVersion "1"]
[SourceVersionDate "2024.01.17"]
[SourceQuality "1"]
[WhiteTeam "Lichtenberg Borussia"]
[BlackTeam "Walldorf"]
[WhiteTeamCountry "GER"]
[BlackTeamCountry "GER"]

1. e4 e6 2. d4 d5 3. Nc3 Bb4 4. exd5 exd5 5. Bd3 Ne7 6. Nge2 0-0 7. Ng3 Re8 8. 0-0 Nd7 9. Nce2 Ng6 10. c3 Bd6 11. Nf5 Bf8 12. Neg3 Nf6 13. Bg5 h6 14. Bxf6 Qxf6 15. Qf3 Qd8 16. Rae1 Be6 17. Re3 c6 18. Rfe1 Qd7 19. Qd1 Ne7 20. Qb1 Nxf5 21. Nxf5 Rad8 22. f3 a6 23. R1e2 Qc8 24. Qc2 Bd7 25. Rxe8 Rxe8 26. Ng3 Bd6 27. Kf2 Kf8 28. Rxe8+ Qxe8 29. Nf5 Bf4 30. g3 Bc7 31. Qe2 Qxe2+ 32. Kxe2 h5 33. f4 g6 34. Ne3 1/2-1/2

[Event "GER-chT U12"]
[Site "Magdeburg"]
[Date "2023.12.28"]
[Round "3.7"]
[White "Faerber, Anna"]
[Black "Loeffelholz, Simon"]
[Result "1-0"]
[WhiteElo "1345"]
[BlackElo "1271"]
[PlyCount "51"]
[EventDate "2023.12.26"]
[EventType "team-swiss"]
[EventRounds "7"]
[EventCountry "GER"]
[SourceTitle "CB03_2024"]
[SourceDate "2024.01.17"]
[SourceVersion "1"]
[SourceVersionDate "2024.01.17"]
[SourceQuality "1"]
[WhiteTeam "Walldorf"]
[BlackTeam "Eichsfeld"]
[WhiteTeamCountry "GER"]
[BlackTeamCountry "GER"]

1. e4 c5 2. c3 Nf6 3. e5 Nd5 4. Nf3 b6 5. d4 cxd4 6. cxd4 e6 7. Bd3 Nc6 8. a3 Be7 9. 0-0 0-0 10. Qe2 Bb7 11. Nc3 d6 12. Qe4 f5 13. exf6 Nxf6 14. Qxe6+ Kh8 15. Ng5 Qe8 16. Re1 Bc8 17. Qe2 Ng4 18. f3 Nf6 19. Qf2 Qh5 20. Qg3 h6 21. Ne6 Bxe6 22. Rxe6 Rae8 23. Bg6 Qa5 24. Bxe8 Rxe8 25. Qe1 Nxd4 26. Rxe7 1-0

[Event "GER-chT U12"]
[Site "Magdeburg"]
[Date "2023.12.27"]
[Round "1.1"]
[White "Faerber, Anna"]
[Black "Bodriyenko, Daniel"]
[Result "0-1"]
[WhiteElo "1345"]
[BlackElo "1458"]
[PlyCount "74"]
[EventDate "2023.12.26"]
[EventType "team-swiss"]
[EventRounds "7"]
[EventCountry "GER"]
[SourceTitle "CB03_2024"]
[SourceDate "2024.01.17"]
[SourceVersion "1"]
[SourceVersionDate "2024.01.17"]
[SourceQuality "1"]
[WhiteTeam "Walldorf"]
[BlackTeam "Kornwestheim"]
[WhiteTeamCountry "GER"]
[BlackTeamCountry "GER"]

1. e4 e5 2. Nf3 Nc6 3. Bc4 Bc5 4. c3 Nf6 5. d3 d6 6. 0-0 Bg4 7. Nbd2 0-0 8. Re1 Qd7 9. Bb3 Rfe8 10. Nf1 h6 11. h3 Be6 12. Bxe6 fxe6 13. Ng3 d5 14. Qe2 Rad8 15. Bd2 Qf7 16. Rad1 Qg6 17. Nh4 Qxg3 18. Nf3 Qg6 19. b4 Bd6 20. b5 Nb8 21. a4 Nbd7 22. Qe3 dxe4 23. dxe4 Nc5 24. c4 Nfxe4 25. a5 b6 26. Bb4 Ng5 27. Nxg5 Qxg5 28. Bxc5 Bxc5 29. Qxg5 hxg5 30. Rxd8 Rxd8 31. axb6 axb6 32. Re2 Rd4 33. Rc2 Kf7 34. Kh2 Kf6 35. g4 e4 36. Kg2 Rd3 37. Re2 Ke5 0-1

[Event "GER-chT Lands U20"]
[Site "Hannover"]
[Date "2023.10.03"]
[Round "4"]
[White "Faerber, Anna"]
[Black "Grebita, Magnus"]
[Result "0-1"]
[WhiteElo "1264"]
[BlackElo "1599"]
[PlyCount "102"]
[EventDate "2023.10.01"]
[EventType "team-swiss"]
[EventRounds "7"]
[EventCountry "GER"]
[SourceTitle "EXT 2024"]
[Source "ChessBase"]
[SourceDate "2023.10.10"]
[SourceVersion "1"]
[SourceVersionDate "2023.10.10"]
[SourceQuality "1"]

1. e4 e5 2. Nf3 Nc6 3. Bc4 Nf6 4. d4 exd4 5. e5 d5 6. Bb5 Nd7 7. 0-0 Be7 8. Bxc6 bxc6 9. Nxd4 Nxe5 10. Re1 c5 11. Rxe5 cxd4 12. Qxd4 Be6 13. Re3 Bf6 14. Qd1 0-0 15. c3 Rb8 16. Nd2 d4 17. cxd4 Bxd4 18. Re1 Qf6 19. Nf3 Bxb2 20. Bxb2 Rxb2 21. a4 Bg4 22. Re3 Rd8 23. Qe1 h6 24. Rc1 Bxf3 25. Rxf3 Qd6 26. Rfc3 Rd2 27. Rxc7 Rd1 28. Rxd1 Qxd1 29. Rc1 Qxa4 30. Ra1 Qd7 31. h3 Qd4 32. Qa5 Rd7 33. Qa6 g6 34. Rb1 Kg7 35. Qc8 Qe4 36. Qc3+ Qd4 37. Qc8 Rd8 38. Qc7 a6 39. Qa5 Rd6 40. Ra1 Rf6 41. Ra2 Qc4 42. Qa3 h5 43. Qb2 Qb5 44. Qa1 Qb6 45. Qe1 g5 46. Qd2 g4 47. Rb2 Qc5 48. Rc2 Qe5 49. Ra2 gxh3 50. gxh3 Rg6+ 51. Kf1 Qb5+ 0-1

[Event "GER-chT Lands U20"]
[Site "Hannover"]
[Date "2023.10.03"]
[Round "5"]
[White "Faerber, Anna"]
[Black "Schroeder, Hannes Artur"]
[Result "1/2-1/2"]
[WhiteElo "1264"]
[BlackElo "1261"]
[PlyCount "62"]
[EventDate "2023.10.01"]
[EventType "team-swiss"]
[EventRounds "7"]
[EventCountry "GER"]
[SourceTitle "EXT 2024"]
[Source "ChessBase"]
[SourceDate "2023.10.10"]
[SourceVersion "1"]
[SourceVersionDate "2023.10.10"]
[SourceQuality "1"]

1. e4 e5 2. Nf3 Nc6 3. Bc4 Bc5 4. 0-0 Nf6 5. d4 Bxd4 6. Nxd4 Nxd4 7. f4 d6 8. fxe5 dxe5 9. Bg5 Be6 10. Bxf6 gxf6 11. Bxe6 Nxe6 12. Qxd8+ Rxd8 13. Rxf6 Rd1+ 14. Rf1 Rxf1+ 15. Kxf1 Nd4 16. Na3 a6 17. c3 Nc6 18. Nc4 Ke7 19. Ne3 Ke6 20. Rd1 Ne7 21. Ke2 c6 22. Nc4 Nc8 23. Kf3 Rf8 24. g4 f6 25. Rd2 h6 26. h3 Ke7 27. Kg3 Rg8 28. Kf3 Ke6 29. Rd1 Rd8 30. Kg3 Ke7 31. Rxd8 Kxd8 1/2-1/2

[Event "GER-ch U12 Girls"]
[Site "Willingen"]
[Date "2023.05.28"]
[Round "1"]
[White "Faerber, Anna"]
[Black "Rutschmann, Polly"]
[Result "1-0"]
[WhiteElo "1252"]
[BlackElo "1023"]
[PlyCount "71"]
[EventDate "2023.05.27"]
[EventType "swiss"]
[EventRounds "9"]
[EventCountry "GER"]
[SourceTitle "CBM 214 Extra"]
[Source "ChessBase"]
[SourceDate "2023.07.31"]
[SourceVersion "1"]
[SourceVersionDate "2023.07.31"]
[SourceQuality "1"]

1. e4 e5 2. Nf3 Nc6 3. Bc4 Bc5 4. d3 h6 5. c3 d6 6. Nbd2 Bg4 7. h3 Bh5 8. a4 Nf6 9. b4 Nxb4 10. cxb4 Bxb4 11. g4 Bg6 12. Qb3 Bxd2+ 13. Bxd2 b6 14. Bb5+ Nd7 15. Bc6 Rb8 16. Qb5 Qe7 17. Rc1 Rd8 18. Bxd7+ Qxd7 19. Rxc7 Qxb5 20. axb5 Rd7 21. Rc8+ Rd8 22. Rxd8+ Kxd8 23. Ke2 Ke7 24. Rc1 Ra8 25. Rc6 a5 26. Rxb6 a4 27. Bb4 a3 28. Rxd6 Ke8 29. Ra6 Rxa6 30. bxa6 a2 31. Bc3 Kd7 32. a7 Kc7 33. a8Q Kd7 34. Nxe5+ Ke6 35. Qe8+ Kf6 36. Nf3# 1-0

[Event "GER-ch U12 Girls"]
[Site "Willingen"]
[Date "2023.05.28"]
[Round "2"]
[White "Mader, Theresa"]
[Black "Faerber, Anna"]
[Result "1/2-1/2"]
[WhiteElo "1229"]
[BlackElo "1252"]
[PlyCount "77"]
[EventDate "2023.05.27"]
[EventType "swiss"]
[EventRounds "9"]
[EventCountry "GER"]
[SourceTitle "CBM 214 Extra"]
[Source "ChessBase"]
[SourceDate "2023.07.31"]
[SourceVersion "1"]
[SourceVersionDate "2023.07.31"]
[SourceQuality "1"]

1. d4 f5 2. c4 Nf6 3. Bf4 g6 4. e3 Bg7 5. Nf3 0-0 6. Nc3 d6 7. Be2 e6 8. 0-0 Qe7 9. h3 Nbd7 10. Rc1 c6 11. Re1 Re8 12. Qc2 h6 13. Bh2 e5 14. Rcd1 e4 15. Nd2 Nb6 16. Qb3 d5 17. Rc1 Kh7 18. cxd5 Nfxd5 19. Nxd5 Nxd5 20. Nc4 Be6 21. Qd1 Qb4 22. Qd2 Qxd2 23. Nxd2 Nb6 24. a3 Rac8 25. b4 Bf8 26. Rc2 Red8 27. Rb1 Kg7 28. Nb3 Bxb3 29. Rxb3 Nd5 30. Be5+ Kf7 31. Rc1 a6 32. g4 Ke6 33. Kh1 Be7 34. Rg1 Rg8 35. Rb2 Bh4 36. Bc4 Rcf8 37. Bg3 Be7 38. Be5 Bh4 39. Bg3 1/2-1/2

[Event "GER-chT U16 Girls"]
[Site "Neumuenster"]
[Date "2022.12.30"]
[Round "7"]
[White "Faerber, Anna"]
[Black "Koeppel, Clementine"]
[Result "1/2-1/2"]
[WhiteElo "1116"]
[BlackElo "1266"]
[PlyCount "81"]
[EventDate "2022.12.26"]
[EventType "team-swiss"]
[EventRounds "7"]
[EventCountry "GER"]
[SourceTitle "CBM 212 Extra"]
[Source "ChessBase"]
[SourceDate "2023.03.31"]
[SourceVersion "1"]
[SourceVersionDate "2023.03.31"]
[SourceQuality "1"]
[WhiteTeam "Walldorf"]
[BlackTeam "Oberkotzau"]
[WhiteTeamCountry "GER"]
[BlackTeamCountry "GER"]

1. e4 e5 2. Nf3 Nf6 3. Nxe5 d6 4. Nf3 Nxe4 5. d4 d5 6. Bd3 Nf6 7. Bg5 Be7 8. 0-0 0-0 9. c3 Be6 10. Qc2 h6 11. Bh4 Nc6 12. Nbd2 Re8 13. Rfe1 Bg4 14. Re3 Qd6 15. Rae1 Qd7 16. Bb5 Bxf3 17. Nxf3 a6 18. Bxc6 bxc6 19. Ne5 Qd6 20. Bg3 Qe6 21. Ng6 Ne4 22. Nxe7+ Qxe7 23. f3 f5 24. fxe4 fxe4 25. c4 Ra7 26. Qb3 Qe6 27. cxd5 cxd5 28. Rc1 c6 29. Be5 Rf7 30. Ree1 Ref8 31. Rxe4 Qf5 32. Rf4 Qg5 33. Rff1 Rf2 34. Bg3 Rxf1+ 35. Rxf1 Rxf1+ 36. Kxf1 Qf5+ 37. Ke2 Qe4+ 38. Qe3 Qc2+ 39. Qd2 Qe4+ 40. Qe3 Qc2+ 41. Qd2 1/2-1/2

[Event "GER-chT Lands U20"]
[Site "Wiesbaden"]
[Date "2022.10.04"]
[Round "7.4"]
[White "Richter, Johanna"]
[Black "Faerber, Anna"]
[Result "1-0"]
[WhiteElo "1355"]
[BlackElo "1165"]
[PlyCount "85"]
[EventDate "2022.09.30"]
[EventType "team-swiss"]
[EventRounds "7"]
[EventCountry "GER"]
[SourceTitle "CBM 210 Extra"]
[Source "ChessBase"]
[SourceDate "2022.11.30"]
[SourceVersion "1"]
[SourceVersionDate "2022.11.30"]
[SourceQuality "1"]
[WhiteTeam "Rheinland Pfalz U20"]
[BlackTeam "Baden U20 II"]
[WhiteTeamCountry "GER"]
[BlackTeamCountry "GER"]

1. d4 d5 2. c4 e6 3. Nc3 Be7 4. Bf4 Nf6 5. e3 c6 6. h3 Nbd7 7. Nf3 Nb6 8. cxd5 exd5 9. Bd3 Be6 10. 0-0 0-0 11. Qc2 Re8 12. Ng5 h6 13. Nxe6 fxe6 14. Bg6 Rf8 15. a3 Nc4 16. Bd3 Nd6 17. b4 a6 18. Na4 Rb8 19. Nc5 Qc8 20. Rfc1 Nfe8 21. Be5 Bf6 22. Bf4 Be7 23. Rf1 Nf6 24. Be5 Ra8 25. Na4 Qd8 26. Nc5 Qc8 27. Rfb1 a5 28. bxa5 Nfe8 29. Bg6 Rb8 30. Bxe8 Rxe8 31. Qg6 Bf8 32. Bxd6 Bxd6 33. Nxb7 Bc7 34. a6 Ra8 35. Nc5 Bb8 36. Rb7 Bc7 37. Rab1 Re7 38. a7 Bd6 39. Rxe7 Bxe7 40. Rb8 Rxb8 41. axb8Q Qxb8 42. Qxe6+ Kf8 43. Nd7+ 1-0